000 00430nab a2200145Ia 4500
003 ES-SlBCS
005 20230320162355.0
008 140529s1985 xxu||||| |||| 00| 0 spa d
041 _aspa
100 1 _aGallo, Luis A.
_9220512
245 0 0 _aMarx en la teología de la liberación
_c Luis A. Gallo
650 0 4 _aTeología de la Liberación
_986892
773 0 _tAnthropos
_gvol. 6, nº. 11, 1985, págs. 73-92
_wRev38
942 _cAR
999 _c615394
_d615394